[Event "34th European Club Cup 2018"]
[Site "Halkidiki"]
[Date "2018.10.12"]
[Round "1"]
[White "Fattebene, Pierre"]
[Black "Gorodetzky, Matan"]
[Result "0-1"]
[WhiteElo "1836"]
[BlackElo "2221"]
[Annotator "NA"]
[PlyCount "66"]
[EventDate "2018.10.12"]
[EventType "team-tourn"]
[EventCountry "GRE"]
[SourceTitle "playchess.com"]
[Source "ChessBase"]
[SourceQuality "1"]
[WhiteTeam "Dudelange"]
[BlackTeam "Rehovot"]

1. Nf3 d5 2. g3 Nf6 3. Bg2 e6 4. O-O c5 5. c4 Nc6 6. d4 Be7 7. Nc3 O-O 8. cxd5 exd5 9. dxc5 Bxc5 10. Bg5 d4 11. Bxf6 Qxf6 12. Ne4 Qe7 13. Nxc5 Qxc5 14. Rc1 Qb6 15. Qd2 Be6 16. b4 Rfd8 17. Rfd1 a5 18. bxa5 Rxa5 19. Rb1 Qa6 20. Qb2 Rxa2 21. Qxb7 Qxe2 22. Rd2 Rxd2 23. Nxd2 Qxd2 24. Qxc6 h6 25. Qb6 Rc8 26. Bb7 Rb8 27. Qc7 Re8 28. Qc6 Rf8 29. Qe4 Rd8 30. h4 d3 31. Qe3 Qc2 32. Qb6 Rd6 33. Qb4 d2 0-1

[Event "34th European Club Cup 2018"]
[Site "Halkidiki"]
[Date "2018.10.12"]
[Round "1"]
[White "Lex, Gereon"]
[Black "Veinberg, Nimrod"]
[Result "0-1"]
[WhiteElo "1836"]
[BlackElo "2386"]
[Annotator "NA"]
[PlyCount "62"]
[EventDate "2018.10.12"]
[EventType "team-tourn"]
[EventCountry "GRE"]
[SourceTitle "playchess.com"]
[Source "ChessBase"]
[SourceQuality "1"]
[WhiteTeam "Dudelange"]
[BlackTeam "Rehovot"]

1. Nf3 d5 2. g3 g6 3. Bg2 Bg7 4. d4 Nd7 5. O-O Ngf6 6. Nbd2 c5 7. c3 O-O 8. Re1 h6 9. e4 cxd4 10. e5 dxc3 11. exf6 cxd2 12. fxe7 dxe1=R+ 13. Qxe1 Qb6 14. e8=Q Rxe8 15. Qxe8+ Nf8 16. Be3 Qc6 17. Qd8 Qd7 18. Qh4 g5 19. Qb4 b6 20. Rd1 Bb7 21. h4 g4 22. Nd4 h5 23. Bf1 Ng6 24. Bd3 Ne5 25. Bf5 Nf3+ 26. Kf1 Qe8 27. b3 Bxd4 28. Bxd4 Ba6+ 29. Kg2 Qe2 30. Rc1 Nxd4 31. Bxg4 Qxg4 0-1

[Event "34th European Club Cup 2018"]
[Site "Halkidiki"]
[Date "2018.10.12"]
[Round "1"]
[White "Boland, Dylan"]
[Black "Cooper, Lawrence H"]
[Result "1/2-1/2"]
[WhiteElo "1830"]
[BlackElo "2344"]
[Annotator "NA"]
[PlyCount "37"]
[EventDate "2018.10.12"]
[EventType "team-tourn"]
[EventCountry "GRE"]
[SourceTitle "playchess.com"]
[Source "ChessBase"]
[SourceQuality "1"]
[WhiteTeam "St Benildus"]
[BlackTeam "Wood Green"]

1. d4 Nf6 2. c4 e6 3. Nf3 Bb4+ 4. Nbd2 b6 5. a3 Bxd2+ 6. Qxd2 Bb7 7. Qg5 O-O 8. Bf4 d6 9. e3 Nbd7 10. Bd3 Qe8 11. O-O-O h6 12. Qh4 e5 13. Bxh6 gxh6 14. dxe5 dxe5 15. Bf5 Kg7 16. Qg3+ Kh8 17. Qh4 Kg7 18. Qg3+ Kh8 19. Qh4 1/2-1/2

[Event "34th European Club Cup 2018"]
[Site "Halkidiki"]
[Date "2018.10.12"]
[Round "1"]
[White "Kenny, William"]
[Black "Hill, Alistair"]
[Result "0-1"]
[WhiteElo "1787"]
[BlackElo "2203"]
[Annotator "NA"]
[PlyCount "66"]
[EventDate "2018.10.12"]
[EventType "team-tourn"]
[EventCountry "GRE"]
[SourceTitle "playchess.com"]
[Source "ChessBase"]
[SourceQuality "1"]
[WhiteTeam "St Benildus"]
[BlackTeam "Wood Green"]

1. d4 Nf6 2. c4 g6 3. Nc3 d5 4. Bg5 c5 5. e3 cxd4 6. exd4 Bg7 7. Bxf6 Bxf6 8. cxd5 Qb6 9. Nge2 O-O 10. g3 Bf5 11. Qd2 Na6 12. a3 e5 13. dxe6 Rad8 14. e7 Bxe7 15. Bg2 Nc7 16. O-O Be6 17. Rfd1 Bb3 18. Re1 Bf6 19. Rac1 Bxd4 20. Nxd4 Rxd4 21. Qe3 Rfd8 22. Ne2 R4d7 23. Qxb6 axb6 24. Rc3 Ba4 25. b3 Bb5 26. Nf4 Ba6 27. b4 Nb5 28. Rce3 Nd4 29. Re8+ Rxe8 30. Rxe8+ Kg7 31. Re3 Nc2 32. Rc3 Rd1+ 33. Bf1 Bxf1 0-1

[Event "34th European Club Cup 2018"]
[Site "Halkidiki"]
[Date "2018.10.12"]
[Round "1"]
[White "Visse, Bernard"]
[Black "Lie, Kjetil A."]
[Result "0-1"]
[WhiteElo "1778"]
[BlackElo "2537"]
[Annotator "TA"]
[PlyCount "90"]
[EventDate "2018.10.12"]
[EventType "team-tourn"]
[EventCountry "GRE"]
[SourceTitle "playchess.com"]
[Source "ChessBase"]
[SourceQuality "1"]
[WhiteTeam "Echiquier Amaytois"]
[BlackTeam "Valerenga"]

1. d4 Nf6 2. Bf4 e6 3. e3 d5 4. c3 Bd6 5. Bg3 O-O 6. Bd3 c5 7. Nd2 Qc7 8. Ngf3 Nbd7 9. Rc1 e5 10. dxc5 Nxc5 11. Bb1 e4 12. Bxd6 Qxd6 13. Nd4 Bg4 14. f3 exf3 15. N4xf3 Qb6 16. Qc2 Rfe8 17. O-O Rxe3 18. Nd4 Nd3 19. Rxf6 Qxf6 20. Rf1 Qh6 21. Qb3 Re7 22. Bxd3 Qxd2 23. Qc2 Qxc2 24. Bxc2 Rae8 25. Ba4 Bd7 26. Bb3 Bc6 27. Kf2 g6 28. h3 Kg7 29. Rd1 h5 30. Rd2 Re5 31. a4 a5 32. Bc2 h4 33. Rd3 Re1 34. b4 axb4 35. cxb4 Ra1 36. b5 Bd7 37. Rc3 Rc8 38. Rxc8 Bxc8 39. Ke3 Kf6 40. Kd3 Bf5+ 41. Kc3 Bxc2 42. Nxc2 Rxa4 43. Kb3 Re4 44. Nb4 Rxb4+ 45. Kxb4 b6 0-1

[Event "34th European Club Cup 2018"]
[Site "Halkidiki"]
[Date "2018.10.12"]
[Round "1"]
[White "Marhoefer, Daniel"]
[Black "Baliasnyj, Timur"]
[Result "0-1"]
[WhiteElo "1773"]
[BlackElo "2216"]
[Annotator "NA"]
[PlyCount "74"]
[EventDate "2018.10.12"]
[EventType "team-tourn"]
[EventCountry "GRE"]
[SourceTitle "playchess.com"]
[Source "ChessBase"]
[SourceQuality "1"]
[WhiteTeam "Dublin"]
[BlackTeam "Overtime"]

1. e4 c5 2. Nf3 g6 3. d4 cxd4 4. Nxd4 Bg7 5. Nc3 Nc6 6. Be3 Nf6 7. Bc4 Qa5 8. f3 Qb4 9. Nxc6 Qxc4 10. Nxa7 d6 11. Qd3 Be6 12. Qxc4 Bxc4 13. Nab5 O-O 14. Kf2 Rfc8 15. Nd4 e5 16. Nb3 d5 17. exd5 Nxd5 18. Nxd5 Bxd5 19. c3 f5 20. Rhd1 Bc6 21. Kg1 Bf8 22. Rd2 Be7 23. a3 g5 24. Re1 Ba4 25. Nc1 Rd8 26. Ree2 Bb5 27. Rxd8+ Rxd8 28. Rd2 Rxd2 29. Bxd2 Bc5+ 30. Kh1 f4 31. Na2 Kf7 32. Nb4 Ke6 33. g4 Be2 34. Kg2 e4 35. fxe4 f3+ 36. Kh1 f2 37. Bxg5 f1=Q# 0-1

[Event "34th European Club Cup 2018"]
[Site "Halkidiki"]
[Date "2018.10.12"]
[Round "1"]
[White "Tzagarakis, Panagiotis"]
[Black "Roobol, Martin"]
[Result "0-1"]
[WhiteElo "1724"]
[BlackElo "2243"]
[Annotator "NA"]
[PlyCount "115"]
[EventDate "2018.10.12"]
[EventType "team-tourn"]
[EventCountry "GRE"]
[SourceTitle "playchess.com"]
[Source "ChessBase"]
[SourceQuality "1"]
[WhiteTeam "Chania CC"]
[BlackTeam "Leiden"]

1. e4 e5 2. Nf3 Nc6 3. Bc4 Nf6 4. d3 Be7 5. h3 O-O 6. c3 d5 7. exd5 Nxd5 8. O-O Nb6 9. Bb3 Bf5 10. Bc2 Bf6 11. Qe2 Nd5 12. a4 a5 13. Na3 Re8 14. Re1 h6 15. Bd2 Qd7 16. Rad1 Rad8 17. Qf1 g5 18. g4 Bg6 19. Qg2 Re7 20. h4 Nf4 21. Bxf4 exf4 22. hxg5 hxg5 23. d4 Bxc2 24. Nxc2 Rde8 25. Ne5 Bxe5 26. dxe5 Qc8 27. Nd4 Nxe5 28. Nf5 Nf3+ 29. Qxf3 Rxe1+ 30. Kg2 Rxd1 31. Qxd1 Qe6 32. Kh3 Qe4 33. f3 Qe1 34. Qxe1 Rxe1 35. Nd4 Rb1 36. b3 Rc1 37. c4 Rc3 38. Kg2 c6 39. Kf2 Rd3 40. Nf5 Rxb3 41. Nd6 Rb2+ 42. Ke1 Kg7 43. c5 Rb4 44. Ke2 Rxa4 45. Nxb7 Kf6 46. Nd8 Rc4 47. Nb7 a4 48. Kd3 Rb4 49. Na5 Rb5 50. Nxc6 Rxc5 51. Nb4 a3 52. Na2 Ke5 53. Nb4 f5 54. gxf5 Kxf5 55. Na2 Rb5 56. Nc1 Rb1 57. Na2 Rb3+ 58. Kd4 0-1

[Event "34th European Club Cup 2018"]
[Site "Halkidiki"]
[Date "2018.10.12"]
[Round "1"]
[White "Lalouette, Herve"]
[Black "Grandell, Anders"]
[Result "0-1"]
[WhiteElo "1681"]
[BlackElo "2268"]
[Annotator "NA"]
[PlyCount "78"]
[EventDate "2018.10.12"]
[EventType "team-tourn"]
[EventCountry "GRE"]
[SourceTitle "playchess.com"]
[Source "ChessBase"]
[SourceQuality "1"]
[WhiteTeam "Bois-Colombes"]
[BlackTeam "Team Viking"]

1. e4 c5 2. Nf3 Nc6 3. d4 cxd4 4. Nxd4 g6 5. Nc3 Bg7 6. Be3 Nf6 7. Bc4 O-O 8. f3 Qb6 9. Ncb5 a6 10. Nf5 Qd8 11. Nh6+ Bxh6 12. Bxh6 axb5 13. Bxf8 Kxf8 14. Bd3 Qb6 15. Qd2 d5 16. Qf2 Qxf2+ 17. Kxf2 dxe4 18. fxe4 b4 19. Rhe1 Ng4+ 20. Kg1 Be6 21. a3 b3 22. c3 Nge5 23. Bb5 Na5 24. Rad1 Nac4 25. Rd4 Nxb2 26. Rb1 Nbc4 27. Rxb3 Nxa3 28. Rb2 Nxb5 29. Rxb5 Ra1+ 30. Kf2 Ng4+ 31. Kg3 Rc1 32. Rc5 Nf6 33. h3 b6 34. Rc7 Re1 35. Kf3 Nxe4 36. Rxe4 Bd5 37. Rc8+ Kg7 38. Rcc4 Rxe4 39. Rxe4 f5 0-1

[Event "34th European Club Cup 2018"]
[Site "Halkidiki"]
[Date "2018.10.13"]
[Round "2"]
[White "Carlsen, Magnus"]
[Black "Potkin, Vladimir"]
[Result "1-0"]
[WhiteElo "2839"]
[BlackElo "2597"]
[Annotator "TA"]
[PlyCount "97"]
[EventDate "2018.10.12"]
[EventType "team-tourn"]
[EventCountry "GRE"]
[SourceTitle "playchess.com"]
[Source "ChessBase"]
[SourceQuality "1"]
[WhiteTeam "Valerenga"]
[BlackTeam "Molodezhka"]

1. e4 e5 2. Nf3 Nc6 3. Bc4 Bc5 4. c3 Nf6 5. d3 d6 6. Nbd2 O-O 7. b4 Bb6 8. Bb3 Ne7 9. Nc4 Ng6 10. O-O c6 11. Nxb6 axb6 12. a4 Re8 13. Be3 Be6 14. Bc2 d5 15. h3 Qc7 16. Re1 h6 17. exd5 Nxd5 18. Bd2 Bf5 19. d4 Bxc2 20. Qxc2 exd4 21. Nxd4 c5 22. bxc5 bxc5 23. Nf5 Qc6 24. c4 Ndf4 25. Rxe8+ Rxe8 26. Bxf4 Nxf4 27. Ne3 Rd8 28. Rb1 h5 29. a5 h4 30. Rb6 Qd7 31. Qb2 Nd3 32. Qb1 Nb4 33. Qe4 Qd4 34. Qxd4 cxd4 35. Rxb4 dxe3 36. fxe3 Rd1+ 37. Kf2 Ra1 38. Rb5 Ra2+ 39. Kf3 g6 40. c5 Kg7 41. Ke4 Rxg2 42. Rxb7 g5 43. c6 g4 44. c7 Rc2 45. Kd3 Rc1 46. Kd2 Rc6 47. a6 gxh3 48. a7 h2 49. Rb1 1-0

[Event "34th European Club Cup 2018"]
[Site "Halkidiki"]
[Date "2018.10.13"]
[Round "2"]
[White "Yu, Yangyi"]
[Black "Veinberg, Nimrod"]
[Result "1-0"]
[WhiteElo "2765"]
[BlackElo "2386"]
[Annotator "TA"]
[PlyCount "59"]
[EventDate "2018.10.12"]
[EventType "team-tourn"]
[EventCountry "GRE"]
[SourceTitle "playchess.com"]
[Source "ChessBase"]
[SourceQuality "1"]
[WhiteTeam "Alkaloid"]
[BlackTeam "Rehovot"]

1. e4 e5 2. Nf3 Nc6 3. Bb5 a6 4. Ba4 Nf6 5. O-O Be7 6. Re1 b5 7. Bb3 d6 8. c3 O-O 9. h3 Bb7 10. d4 exd4 11. cxd4 Na5 12. Bc2 Nd7 13. Nbd2 c5 14. d5 Bf6 15. Rb1 Nc4 16. Nxc4 bxc4 17. Bd2 a5 18. Bc3 Bxc3 19. bxc3 Ba6 20. e5 dxe5 21. d6 Re8 22. Qd5 Rb8 23. Rxb8 Qxb8 24. Ng5 Rf8 25. Bxh7+ Kh8 26. Bf5 Nf6 27. Qxe5 Bc8 28. Nxf7+ Kg8 29. Rb1 Qa8 30. Ng5 1-0

[Event "34th European Club Cup 2018"]
[Site "Halkidiki"]
[Date "2018.10.13"]
[Round "2"]
[White "Svidler, Peter"]
[Black "Indjic, Aleksandar"]
[Result "0-1"]
[WhiteElo "2756"]
[BlackElo "2604"]
[Annotator "TA"]
[PlyCount "104"]
[EventDate "2018.10.12"]
[EventType "team-tourn"]
[EventCountry "GRE"]
[SourceTitle "playchess.com"]
[Source "ChessBase"]
[SourceQuality "1"]
[WhiteTeam "St.Petersburg"]
[BlackTeam "Itaka"]

1. e4 c5 2. Nf3 d6 3. d4 cxd4 4. Nxd4 Nf6 5. Nc3 a6 6. Be3 e5 7. Nb3 Be6 8. Qd2 Nbd7 9. f4 Rc8 10. O-O-O h5 11. Kb1 Be7 12. Bd3 b5 13. h3 h4 14. Rhf1 Qc7 15. a3 Nb6 16. Bxb6 Qxb6 17. Rde1 Nh5 18. f5 Bd7 19. Nd5 Qa7 20. Qa5 Nf6 21. Nb6 Rb8 22. Nxd7 Qxd7 23. c4 bxc4 24. Bxc4 O-O 25. Rf3 d5 26. Rd1 Bd8 27. Qe1 Qa4 28. Bxd5 Nxd5 29. Nc5 Qb5 30. Rb3 Ba5 31. Rxb5 Rxb5 32. Qxh4 Nc3+ 33. Ka1 Nxd1 34. f6 Bc3 35. Na4 gxf6 36. bxc3 Rd8 37. Qxf6 Rd7 38. Qxa6 Rdb7 39. Ka2 Kg7 40. Qc6 Rb1 41. Qc5 f6 42. g4 Nb2 43. Kxb1 Nxa4+ 44. Qb4 Nxc3+ 45. Kc2 Rxb4 46. axb4 Nxe4 47. b5 Nd6 48. b6 Kf7 49. h4 Ke6 50. Kc3 Kd7 51. Kd3 Kc6 52. g5 Kxb6 0-1

[Event "34th European Club Cup 2018"]
[Site "Halkidiki"]
[Date "2018.10.13"]
[Round "2"]
[White "Jakovenko, Dmitry"]
[Black "Galburd, Yan"]
[Result "1-0"]
[WhiteElo "2752"]
[BlackElo "2358"]
[Annotator "TA"]
[PlyCount "127"]
[EventDate "2018.10.12"]
[EventType "team-tourn"]
[EventCountry "GRE"]
[SourceTitle "playchess.com"]
[Source "ChessBase"]
[SourceQuality "1"]
[WhiteTeam "Alkaloid"]
[BlackTeam "Rehovot"]

1. d4 Nf6 2. c4 e6 3. Nf3 d5 4. Bg5 Bb4+ 5. Nbd2 O-O 6. e3 b6 7. cxd5 exd5 8. Bd3 Bg4 9. O-O c5 10. h3 Bh5 11. Qc2 Bg6 12. Bxg6 hxg6 13. dxc5 Bxc5 14. Rad1 Nbd7 15. Nb1 Rc8 16. Qb3 Be7 17. Nc3 Nc5 18. Qb5 Qe8 19. Qxe8 Rfxe8 20. Nxd5 Nxd5 21. Rxd5 Bxg5 22. Nxg5 Ne6 23. Nxe6 Rxe6 24. Rfd1 Rc2 25. Rd8+ Kh7 26. R8d7 Rf6 27. R1d2 Rxd2 28. Rxd2 Rc6 29. h4 Rc1+ 30. Kh2 f6 31. Kg3 Rc5 32. e4 g5 33. hxg5 Rxg5+ 34. Kf3 Ra5 35. a3 Rc5 36. Ke3 Kg6 37. f4 Rc1 38. f5+ Kh6 39. g4 Re1+ 40. Kf3 Rf1+ 41. Kg3 Kh7 42. Rd7 Re1 43. Kf3 Rf1+ 44. Ke2 Rf4 45. Kd3 Rxg4 46. Rxa7 Rg3+ 47. Kc4 Re3 48. Re7 b5+ 49. Kxb5 Rb3+ 50. Kc4 Rxb2 51. a4 Kh6 52. a5 Ra2 53. Kb5 Rb2+ 54. Kc6 Ra2 55. Kb6 Rb2+ 56. Ka7 Rb4 57. a6 g6 58. Re6 Kg5 59. fxg6 Kxg6 60. e5 Kf5 61. Rb6 Rh4 62. exf6 Kg6 63. f7+ Kxf7 64. Kb7 1-0

[Event "34th European Club Cup 2018"]
[Site "Halkidiki"]
[Date "2018.10.13"]
[Round "2"]
[White "Navara, David"]
[Black "Lovik, Lasse Ostebo"]
[Result "1-0"]
[WhiteElo "2740"]
[BlackElo "2362"]
[Annotator "TA"]
[PlyCount "43"]
[EventDate "2018.10.12"]
[EventType "team-tourn"]
[EventCountry "GRE"]
[SourceTitle "playchess.com"]
[Source "ChessBase"]
[SourceQuality "1"]
[WhiteTeam "Novy Bor"]
[BlackTeam "SK Oslo"]

1. e4 e6 2. d4 d5 3. Nd2 c5 4. Ngf3 Nf6 5. e5 Nfd7 6. c3 Nc6 7. Bd3 g6 8. h4 h6 9. Bc2 b6 10. O-O Bg7 11. Re1 Ba6 12. Nf1 O-O 13. N1h2 Rc8 14. Be3 cxd4 15. cxd4 Ne7 16. Qd2 Kh7 17. h5 Nf5 18. Bf4 Rg8 19. g4 Nh4 20. g5 Nf5 21. hxg6+ fxg6 22. Ng4 1-0

[Event "34th European Club Cup 2018"]
[Site "Halkidiki"]
[Date "2018.10.13"]
[Round "2"]
[White "Wojtaszek, Radoslaw"]
[Black "Elsness, Frode"]
[Result "1-0"]
[WhiteElo "2727"]
[BlackElo "2450"]
[Annotator "TA"]
[PlyCount "112"]
[EventDate "2018.10.12"]
[EventType "team-tourn"]
[EventCountry "GRE"]
[SourceTitle "playchess.com"]
[Source "ChessBase"]
[SourceQuality "1"]
[WhiteTeam "Novy Bor"]
[BlackTeam "SK Oslo"]

1. c4 Nf6 2. Nc3 e6 3. e4 d5 4. cxd5 exd5 5. e5 Ne4 6. Nf3 Bf5 7. d3 Nxc3 8. bxc3 Be7 9. d4 O-O 10. Bd3 Bxd3 11. Qxd3 c5 12. O-O c4 13. Qb1 Qd7 14. Bg5 Nc6 15. Bxe7 Qxe7 16. Qb5 Rad8 17. a4 Rd7 18. Ne1 f6 19. exf6 Rxf6 20. Nc2 a6 21. Qb2 Re6 22. Ne3 Qg5 23. Rae1 Rde7 24. Qb6 h6 25. Qc5 Kh8 26. Rb1 Rd7 27. Rfe1 Kh7 28. h3 Rg6 29. Rb2 h5 30. Reb1 Nd8 31. Qc8 Rdd6 32. Qf5 Qxf5 33. Nxf5 Rde6 34. Nh4 Rgf6 35. Nf3 Kg8 36. Ne5 Rd6 37. g3 b6 38. Kg2 g5 39. Re1 Nf7 40. Rbe2 Rfe6 41. f4 gxf4 42. gxf4 Rf6 43. Kf3 Ng5+ 44. Ke3 Ne6 45. Rg2+ Kh7 46. Rf1 Rd8 47. f5 Ng7 48. Rg5 b5 49. a5 Rdf8 50. Nd7 Re8+ 51. Kd2 Rf7 52. Ne5 Rf6 53. Rg6 Rxg6 54. fxg6+ Kg8 55. Nd7 Rd8 56. Rf7 Kh8 1-0

[Event "34th European Club Cup 2018"]
[Site "Halkidiki"]
[Date "2018.10.13"]
[Round "2"]
[White "Kryvoruchko, Yuriy"]
[Black "Gorodetzky, Matan"]
[Result "1-0"]
[WhiteElo "2697"]
[BlackElo "2221"]
[Annotator "TA"]
[PlyCount "51"]
[EventDate "2018.10.12"]
[EventType "team-tourn"]
[EventCountry "GRE"]
[SourceTitle "playchess.com"]
[Source "ChessBase"]
[SourceQuality "1"]
[WhiteTeam "Alkaloid"]
[BlackTeam "Rehovot"]

1. e4 e6 2. d4 d5 3. Nc3 Nf6 4. e5 Nfd7 5. f4 c5 6. Nf3 Nc6 7. Be3 a6 8. Qd2 cxd4 9. Nxd4 Bc5 10. O-O-O Nxd4 11. Bxd4 O-O 12. Qe3 Qc7 13. Bd3 b5 14. Rhe1 Bxd4 15. Qxd4 Qc5 16. Ne2 b4 17. f5 h6 18. Qf4 f6 19. fxe6 Nxe5 20. Nd4 Ra7 21. Rxe5 fxe5 22. Qxe5 Re7 23. Nf5 Bxe6 24. Nxe7+ Qxe7 25. Re1 Rf6 26. Bf5 1-0

[Event "34th European Club Cup 2018"]
[Site "Halkidiki"]
[Date "2018.10.13"]
[Round "2"]
[White "Matlakov, Maxim"]
[Black "Svetushkin, Dmitry"]
[Result "1-0"]
[WhiteElo "2683"]
[BlackElo "2592"]
[Annotator "TA"]
[PlyCount "59"]
[EventDate "2018.10.12"]
[EventType "team-tourn"]
[EventCountry "GRE"]
[SourceTitle "playchess.com"]
[Source "ChessBase"]
[SourceQuality "1"]
[WhiteTeam "St.Petersburg"]
[BlackTeam "Itaka"]

1. c4 c6 2. Nf3 Nf6 3. d4 d5 4. Nc3 e6 5. Bg5 Nbd7 6. e3 Qa5 7. Nd2 Bb4 8. Rc1 Ne4 9. Ndxe4 dxe4 10. Bh4 Qxa2 11. Qc2 Nb6 12. Be2 Na4 13. O-O Bxc3 14. bxc3 Qxc2 15. Rxc2 c5 16. Ra1 Bd7 17. f3 f5 18. fxe4 fxe4 19. Be1 O-O 20. Rca2 Nb6 21. Rxa7 Bc6 22. Bg3 Na4 23. Rxa8 Rxa8 24. Bg4 Bd7 25. d5 Kf7 26. Rf1+ Ke7 27. Bh4+ Kd6 28. Rf7 Nb6 29. Be7+ Ke5 30. Rxg7 1-0

[Event "34th European Club Cup 2018"]
[Site "Halkidiki"]
[Date "2018.10.13"]
[Round "2"]
[White "Guseinov, Gadir"]
[Black "Bosman, Michiel"]
[Result "1-0"]
[WhiteElo "2667"]
[BlackElo "2390"]
[Annotator "TA"]
[PlyCount "57"]
[EventDate "2018.10.12"]
[EventType "team-tourn"]
[EventCountry "GRE"]
[SourceTitle "playchess.com"]
[Source "ChessBase"]
[SourceQuality "1"]
[WhiteTeam "Odlar Yurdu"]
[BlackTeam "Leiden"]

1. e4 e5 2. Nf3 Nc6 3. Bb5 Nf6 4. O-O Nxe4 5. d4 Nd6 6. dxe5 Nxb5 7. a4 Nbd4 8. Nxd4 d5 9. Nxc6 bxc6 10. Nd2 c5 11. Qf3 Be6 12. Qg3 Qd7 13. Rd1 h6 14. b3 Qc6 15. Nf1 Be7 16. a5 d4 17. b4 g5 18. bxc5 Bxc5 19. Ba3 Rd8 20. c3 Bxa3 21. Rxa3 d3 22. Qe3 Bf5 23. Qxa7 Ra8 24. Qd4 Bg6 25. Qb4 Kd7 26. Ne3 Rhd8 27. h4 Qe4 28. h5 Qxb4 29. cxb4 1-0

[Event "34th European Club Cup 2018"]
[Site "Halkidiki"]
[Date "2018.10.13"]
[Round "2"]
[White "Laznicka, Viktor"]
[Black "Risting, Eivind Olav"]
[Result "1-0"]
[WhiteElo "2664"]
[BlackElo "2299"]
[Annotator "TA"]
[PlyCount "71"]
[EventDate "2018.10.12"]
[EventType "team-tourn"]
[EventCountry "GRE"]
[SourceTitle "playchess.com"]
[Source "ChessBase"]
[SourceQuality "1"]
[WhiteTeam "Novy Bor"]
[BlackTeam "SK Oslo"]

1. d4 Nf6 2. Nf3 e6 3. c4 d5 4. Nc3 dxc4 5. e3 a6 6. a4 b6 7. Bxc4 Bb7 8. Qe2 Bb4 9. O-O O-O 10. Rd1 Nbd7 11. Bd3 c5 12. Na2 Ba5 13. b3 Qe7 14. Ba3 h6 15. Rac1 Rfc8 16. Bb1 Bd5 17. Bc2 Ne4 18. dxc5 bxc5 19. Bd3 Ndf6 20. Bxa6 Bxb3 21. Bxc8 Bxd1 22. Rxd1 Rxc8 23. Ne5 Qb7 24. Nc4 Bc7 25. f3 Ng5 26. Nc3 Nd5 27. Nb5 Qb8 28. Nxc7 Qxc7 29. Qd2 Nh7 30. a5 Nhf6 31. e4 Ne7 32. Bb2 Ne8 33. Be5 Qb7 34. Nb6 Nc6 35. Nxc8 Qxc8 36. Bc3 1-0

[Event "34th European Club Cup 2018"]
[Site "Halkidiki"]
[Date "2018.10.13"]
[Round "2"]
[White "Grandelius, Nils"]
[Black "Chigaev, Maksim"]
[Result "1/2-1/2"]
[WhiteElo "2655"]
[BlackElo "2599"]
[Annotator "TA"]
[PlyCount "89"]
[EventDate "2018.10.12"]
[EventType "team-tourn"]
[EventCountry "GRE"]
[SourceTitle "playchess.com"]
[Source "ChessBase"]
[SourceQuality "1"]
[WhiteTeam "Valerenga"]
[BlackTeam "Molodezhka"]

1. d4 Nf6 2. c4 g6 3. Nc3 Bg7 4. e4 d6 5. h3 O-O 6. Be3 c5 7. Nf3 cxd4 8. Nxd4 b6 9. Qd2 Bb7 10. f3 Nbd7 11. Bh6 Bxh6 12. Qxh6 e6 13. O-O-O a6 14. h4 Nh5 15. Rh3 Qf6 16. Nde2 Qe7 17. g4 Ng7 18. Qd2 Ne5 19. Nf4 Rfd8 20. Kb1 Rac8 21. b3 Bc6 22. g5 f6 23. Ng2 f5 24. f4 Ng4 25. Ne3 b5 26. cxb5 axb5 27. Bxb5 Bxb5 28. Nxb5 Qb7 29. Nc3 Rxc3 30. Qxc3 Nf2 31. exf5 gxf5 32. Rh2 Qe4+ 33. Qc2 Nxd1 34. Nxd1 Qxf4 35. h5 Qxg5 36. h6 Nh5 37. Rg2 Ng3 38. Qc4 Re8 39. Qc6 Kf7 40. Qxd6 f4 41. Rc2 Qxh6 42. Rc7+ Kg8 43. Qe5 Nh1 44. a4 Rd8 45. Ka2 1/2-1/2

[Event "34th European Club Cup 2018"]
[Site "Halkidiki"]
[Date "2018.10.13"]
[Round "2"]
[White "Edouard, Romain"]
[Black "Ivanisevic, Ivan"]
[Result "1/2-1/2"]
[WhiteElo "2646"]
[BlackElo "2583"]
[Annotator "TA"]
[PlyCount "65"]
[EventDate "2018.10.12"]
[EventType "team-tourn"]
[EventCountry "GRE"]
[SourceTitle "playchess.com"]
[Source "ChessBase"]
[SourceQuality "1"]
[WhiteTeam "KGSRL"]
[BlackTeam "Sloven Ruma"]

1. d4 Nf6 2. c4 c5 3. d5 g6 4. Nc3 Bg7 5. Nf3 O-O 6. g3 e6 7. Bg2 exd5 8. cxd5 d6 9. O-O Nbd7 10. Re1 Ng4 11. h3 Nge5 12. Ng5 h6 13. Nge4 Nf6 14. Nxf6+ Qxf6 15. a4 g5 16. Rf1 Qg6 17. Ra3 Bd7 18. Kh2 Rae8 19. Rb3 b6 20. a5 Nc4 21. axb6 axb6 22. Qd3 b5 23. Nxb5 Qxd3 24. exd3 Na5 25. Ra3 Bxb5 26. Rxa5 Bxd3 27. Rd1 c4 28. Bf3 Rb8 29. Ra6 Bxb2 30. Rxd6 Bxc1 31. Rxc1 Rb2 32. Kg1 Ra8 33. Rc6 1/2-1/2

[Event "34th European Club Cup 2018"]
[Site "Halkidiki"]
[Date "2018.10.13"]
[Round "2"]
[White "Efimenko, Zahar"]
[Black "Georgiadis, Nico"]
[Result "1/2-1/2"]
[WhiteElo "2641"]
[BlackElo "2526"]
[Annotator "TA"]
[PlyCount "95"]
[EventDate "2018.10.12"]
[EventType "team-tourn"]
[EventCountry "GRE"]
[SourceTitle "playchess.com"]
[Source "ChessBase"]
[SourceQuality "1"]
[WhiteTeam "Beer Sheva"]
[BlackTeam "Winterthur"]

1. e4 e5 2. Nf3 Nc6 3. Bb5 Nf6 4. d3 Bc5 5. c3 O-O 6. O-O d6 7. h3 Ne7 8. Re1 c6 9. Ba4 Ng6 10. d4 Bb6 11. Nbd2 Re8 12. Bc2 Be6 13. Nf1 exd4 14. Nxd4 Bd7 15. Nf3 d5 16. e5 Ne4 17. Bxe4 dxe4 18. Rxe4 Bf5 19. Qxd8 Raxd8 20. Re1 f6 21. Ng3 Bc2 22. Be3 Nxe5 23. Nxe5 Bxe3 24. Rxe3 Rxe5 25. Rxe5 fxe5 26. Re1 Rd5 27. Nf1 Bd3 28. Ne3 Ra5 29. a3 e4 30. Nf1 Re5 31. Nd2 a5 32. b4 axb4 33. cxb4 Re8 34. a4 Ra8 35. a5 c5 36. bxc5 Rxa5 37. Nxe4 Bxe4 38. Rxe4 Rxc5 39. Re7 b5 40. Rb7 h5 41. g3 Rc1+ 42. Kg2 Rb1 43. Kf3 Rb4 44. h4 Kh7 45. Rb6 Kg8 46. Rb7 Kh7 47. Rb6 Kg8 48. Rb7 1/2-1/2

[Event "34th European Club Cup 2018"]
[Site "Halkidiki"]
[Date "2018.10.13"]
[Round "2"]
[White "Alekseenko, Kirill"]
[Black "Stojanovic, Mihajlo"]
[Result "1-0"]
[WhiteElo "2639"]
[BlackElo "2522"]
[Annotator "TA"]
[PlyCount "95"]
[EventDate "2018.10.12"]
[EventType "team-tourn"]
[EventCountry "GRE"]
[SourceTitle "playchess.com"]
[Source "ChessBase"]
[SourceQuality "1"]
[WhiteTeam "St.Petersburg"]
[BlackTeam "Itaka"]

1. e4 e6 2. d4 d5 3. Nc3 dxe4 4. Nxe4 Bd7 5. Nf3 Bc6 6. Bd3 Nd7 7. O-O Ngf6 8. Ng3 Be7 9. Re1 O-O 10. c3 a5 11. Bf4 Re8 12. Qe2 Bxf3 13. Qxf3 c6 14. Rad1 a4 15. a3 Qa5 16. h3 Rad8 17. Bc2 Qa6 18. Ne4 Nxe4 19. Qxe4 g6 20. g3 Bf6 21. Kg2 Bg7 22. h4 Ra8 23. Qf3 Qb5 24. Bc1 Ra5 25. Re2 Rea8 26. Rde1 Qd5 27. Be4 Qc4 28. Bg5 h6 29. Be7 Bf8 30. Bb4 Bxb4 31. cxb4 Rh5 32. Rc2 Qa6 33. Kh3 Qb6 34. g4 Rb5 35. Bxg6 Rf8 36. Be4 Kg7 37. Rg1 Rd8 38. g5 hxg5 39. d5 Rxd5 40. Bxd5 cxd5 41. Rxg5+ Kf8 42. Re2 Rc8 43. Rh5 Qd4 44. Rxe6 Qxb2 45. Rh7 Rc3 46. Rxf7+ Kg8 47. Re8+ Nf8 48. Rexf8# 1-0